Statistics for Game of Thrones Characters with Most Lines per Season

Click here to take the quiz!

General Stats

  • This quiz has been taken 92 times
  • The average score is 71 of 80

Answer Stats

HintAnswer% Correct
Season 5217Tyrion Lannister
100%
Season 2330Tyrion Lannister
100%
Season 4225Tyrion Lannister
100%
Season 3224Tyrion Lannister
100%
Season 8309Tyrion Lannister
100%
Season 1222Tyrion Lannister
100%
Season 7201Tyrion Lannister
100%
Season 6135Tyrion Lannister
100%
Season 4105Arya Stark
98%
Season 2129Arya Stark
98%
Season 6128Arya Stark
98%
Season 3105Arya Stark
98%
Season 1102Arya Stark
98%
Season 7142Arya Stark
98%
Season 8147Arya Stark
98%
Season 7253Jon Snow
98%
Season 6186Jon Snow
98%
Season 5212Jon Snow
98%
Season 290Jon Snow
98%
Season 1149Jon Snow
98%
Season 4161Jon Snow
98%
Season 8225Jon Snow
98%
Season 389Jon Snow
98%
Season 1341Ned Stark
98%
Season 2159Cersei Lannister
96%
Season 5208Cersei Lannister
96%
Season 397Cersei Lannister
96%
Season 1115Cersei Lannister
96%
Season 7157Cersei Lannister
96%
Season 696Cersei Lannister
96%
Season 4159Cersei Lannister
96%
Season 891Sansa Stark
96%
Season 7183Sansa Stark
96%
Season 6129Sansa Stark
96%
Season 397Sansa Stark
96%
Season 5112Sansa Stark
96%
Season 399Tywin Lannister
95%
Season 4151Tywin Lannister
95%
Season 3106Daenerys Targaryen
93%
Season 7178Daenerys Targaryen
93%
Season 4125Daenerys Targaryen
93%
Season 5144Daenerys Targaryen
93%
Season 690Daenerys Targaryen
93%
Season 1151Daenerys Targaryen
93%
Season 8170Daenerys Targaryen
93%
Season 2125Daenerys Targaryen
93%
Season 293Catelyn Stark
91%
Season 1159Catelyn Stark
91%
Season 7161Jaime Lannister
91%
Season 3120Jaime Lannister
91%
Season 4172Jaime Lannister
91%
Season 6146Jaime Lannister
91%
Season 8155Jaime Lannister
91%
Season 5117Jaime Lannister
91%
Season 392Robb Stark
91%
Season 2123Robb Stark
91%
Season 1117Robert Baratheon
88%
Season 1104Jorah Mormont
84%
Season 5100Petyr Baelish
82%
Season 1115Petyr Baelish
82%
Season 779Sandor Clegane
82%
Season 885Sandor Clegane
82%
Season 4120Sandor Clegane
82%
Season 288Stannis Baratheon
81%
Season 5122Stannis Baratheon
81%
Season 870Brienne of Tarth
72%
Season 5102Bronn
70%
Season 670Margaery Tyrell
70%
Season 784Samwell Tarly
70%
Season 4115Samwell Tarly
70%
Season 5118Samwell Tarly
70%
Season 884Samwell Tarly
70%
Season 2171Theon Greyjoy
68%
Season 4129Oberyn Martell
67%
Season 784Davos Seaworth
63%
Season 6106Davos Seaworth
63%
Season 396Davos Seaworth
63%
Season 289Davos Seaworth
63%
Season 871Davos Seaworth
63%
Season 679Ramsay Bolton
60%

Score Distribution

Percentile by Number Answered

Percent of People with Each Score

Your Score History

You have not taken this quiz